|
|
|
|
| LEADER |
01072nam a2200253 i 4500 |
| 001 |
c000048797 |
| 003 |
CARM |
| 005 |
00000000000000.0 |
| 008 |
820212s1974 at s10000 eng d |
| 019 |
1 |
|
|a 2568264
|5 LACONCORD2021
|
| 035 |
|
|
|a (OCoLC)220290223
|5 LACONCORD2021
|
| 042 |
|
|
|a anuc
|
| 043 |
|
|
|a u-at---
|
| 111 |
2 |
0 |
|a Seminar on Health Planning
|d (1974 :
|c Brisbane)
|
| 245 |
1 |
0 |
|a Proceedings of a Seminar on Health Planning, Brisbane, 13th/14th June, 1974.
|
| 260 |
|
|
|a Brisbane :
|b Queensland Department of Health, Health Services Planning and Development Unit,
|c 1974.
|
| 300 |
|
|
|a 127 leaves ;
|c 26 cm.
|
| 500 |
|
|
|a "The Seminar was conducted under the auspices of the Queensland Department of Health...".
|
| 650 |
|
0 |
|a Health planning
|z Australia.
|
| 710 |
1 |
0 |
|a Queensland.
|b Dept. of Health.
|
| 852 |
8 |
|
|b CARM
|h A2:AE05D1
|i D00031
|p 0002655
|f BK
|
| 082 |
0 |
4 |
|a 362.1/0994
|2 19
|
| 999 |
f |
f |
|i 576215f5-f602-5d6c-a5c2-91d1f12e974a
|s d5fec582-d71e-5ebe-8a43-dc8d0be734e3
|
| 952 |
f |
f |
|p Can circulate
|a CAVAL
|b CAVAL
|c CAVAL
|d CARM 1 Store
|e D00031
|f A2:AE05D1
|h Other scheme
|i book
|m 0002655
|